AN ERA OF DARKNESS THE BRITISH EMPIRE IN INDIA (Record no. 33543)

MARC details
000 -LEADER
fixed length control field 00273nam a22001217a 4500
003 - CONTROL NUMBER IDENTIFIER
control field SGT
082 ## - DEWEY DECIMAL CLASSIFICATION NUMBER
Classification number 954.03
Item number THA
100 ## - MAIN ENTRY--PERSONAL NAME
Personal name THAROOR SHASHI
245 ## - TITLE STATEMENT
Title AN ERA OF DARKNESS THE BRITISH EMPIRE IN INDIA
260 ## - PUBLICATION, DISTRIBUTION, ETC. (IMPRINT)
Place of publication, distribution, etc INDIA
Name of publisher, distributor, etc ABC
Year of Publication 2016
300 ## - PAGE DESCRIPTION
No. of Pages 333
942 ## - ADDED ENTRY ELEMENTS (KOHA)
Source of classification or shelving scheme Dewey Decimal Classification
Koha item type Books
Holdings
Withdrawn status Lost status Source of classification or shelving scheme Damaged status Not for loan Collection code Home library Current library Shelving location Date acquired SGTU Total Checkouts Full call number Accession No. (Barcode) Date last seen Bill Date Koha item type
    Dewey Decimal Classification     MASS COMMUNICATION SGT Science & Social Sciences Library SGT Science & Social Sciences Library Text Book 27/01/2026 SGTU   954.03 THA MC1361 27/01/2026 27/01/2026 Books